000
00325 a2200145 4500
001
194760
040
_c
Magnum
100
_a
Heck, Lenira Almeida
240
1
0
_a
O galo Tião e a vaca Malhada
_l
por
245
1
0
_a
O galo Tião e a vaca Malhada
300
_a
18
362
0
_a
2005
697
_a
LITERATURA GERAL
942
_c
BK
999
_c
194760
_d
194760